000 00321pab a2200145 454500
008 180718b1999 xxu||||| |||| 00| 0 eng d
100 _aMann, R.S.
245 _aElections: evading the real issues
260 _c1999
300 _ap.10
362 _a7 Jun
650 _aElections
773 _aTribune
909 _a42398
999 _c42398
_d42398